Risāla-yi jild sāzī : Ṭayyāri-yi jild /

Before the printing press made its appearance in the Islamic world, books were reproduced in manuscript, as was the case in Europe before Gutenberg (d. 1468) introduced printing in movable type. In that connection, the art of bookbinding was very important. This may be inferred from a special chapte...

وصف كامل

محفوظ في:

المؤلف الرئيسي: Ḥusayn, Sayyid Yūsuf (مؤلف)

مؤلفون آخرون: Qalʿa, ʿAlī Ṣafarī Āq (المحرر), Afshār, Īraj (المحرر)

التنسيق: كتاب الكتروني

اللغة: English
Persian

منشور في: Leiden; Boston : BRILL, [2019]

سلاسل: Miras Maktoob, ISBN: 9789004365452.

الموضوعات:

الوصول للمادة أونلاين: Login to view Source

الوسوم: إضافة وسم

لا توجد وسوم, كن أول من يضع وسما على هذه التسجيلة!

رقم الطلب: Z271 .H97 2011

LEADER 03194nam a22005651i 4500
001 BRILL9789004405837
003 nllekb
005 20211118222017.0
006 m d
007 cr un uuuua
008 200305t20192011ne sb 001 0 eng d
010 |a  2011329174 
020 |a 9789004405837  |q (electronic book) 
020 |a 9786002030221  |q (print) 
024 7 |a 10.1163/9789004405837  |2 DOI 
035 |a (OCoLC)1153167476 
040 |a NL-LeKB  |c NL-LeKB  |e rda 
041 0 |a per  |b eng 
050 4 |a Z271  |b .H97 2011 
072 7 |a HBJF1  |2 bicssc 
072 7 |a HIS  |x 003000  |2 bisacsh 
072 7 |a HIS  |x 026000  |2 bisacsh 
082 0 4 |a 011.3109493  |2 23 
100 1 |6 880-01  |a Ḥusayn, Sayyid Yūsuf,  |e author. 
880 1 |6 100-01/(3/r‏  |a ‏حسىن، سيد ىوسف,  |e author. 
245 1 0 |6 880-02  |a Risāla-yi jild sāzī :  |b Ṭayyāri-yi jild /  |c by Sayyid Yūsuf Ḥusayn ; (Edited by) Īraj Afshār, ʿAlī Ṣafarī Āq Qalʿa. 
880 1 0 |6 245-02/(3/r  |a رساله جلد سازی /  |c by سید یوسف حسین ; (Edited by) علی صفری آق قلعه. 
246 3 |a Ṭayyāri-yi jild 
264 1 |a Leiden;   |a Boston :  |b BRILL,  |c [2019] 
264 4 |c ©2011 
300 |a 1 online resource. 
336 |a text  |b txt  |2 rdacontent 
337 |a computer  |b c  |2 rdamedia 
338 |a online resource  |2 rdacarrier 
490 1 |a Miras Maktoob, ISBN: 9789004365452 
520 |a Before the printing press made its appearance in the Islamic world, books were reproduced in manuscript, as was the case in Europe before Gutenberg (d. 1468) introduced printing in movable type. In that connection, the art of bookbinding was very important. This may be inferred from a special chapter devoted to this subject in Ibn Bādīs' (d. 453/1061) ʿ Umdat al-kuttāb wa-ʿuddat dhawi ʼl-albāb , or from Ibn Abī Ḥamīda's (9th/15th century) didactic poem for bookbinders, called Tadbīr al-safīr fī ṣināʿat al-tasfīr . The present work is a new and improved edition of a didactic poem on bookbinding in Persian, composed in India by a certain Sayyid Yūsuf Ḥusayn, somewhere before 1228/1813. About the author not much is known other than that his knowledge of Persian shows some shortcomings and that he must have had mystical leanings. This new edition follows the discovery of another copy of this text in Iran, besides the one kept in Madras (Chennai) 
546 |a Persian. 
588 |a Description based on print version record. 
650 0 |a Bookbinding. 
650 0 |a Bookbinding  |v Poetry. 
700 1 |6 880-03  |a Qalʿa, ʿAlī Ṣafarī Āq,  |e editor. 
880 1 |6 700-03/(3/r‏  |a ‏صفرى آق قلعة، على,  |e editor. 
700 1 |6 880-04  |a Afshār, Īraj,  |e editor. 
880 1 |6 700-04/(3/r‏  |a ‏افشار، ايرج,  |e editor. 
776 0 8 |i Print version:  |t Risāla-yi jild sāzī : Ṭayyāri-yi jild.  |d Leiden ; Boston : BRILL, 2019  |z 9786002030221  |z (OCoLC)812300763 
830 0 |a Miras Maktoob, ISBN: 9789004365452. 
856 4 |z DOI:   |u http://dx.doi.org/10.1163/9789004405837 
942 |2 lcc  |c EBOOK 
952 |0 0  |1 0  |2 lcc  |4 0  |7 1  |9 22786  |a BRILL  |b BRILL  |d 2021-11-18  |l 0  |r 2021-11-18 00:00:00  |w 2021-11-18  |y EBOOK 
999 |c 40260  |d 40260